书目信息 |
| 题名: |
微生物学
|
|
| 作者: | 韦革宏 , 王卫卫 主编 | |
| 分册: | ||
| 出版信息: | 北京 科学出版社 2008.01 |
|
| 页数: | 447页 | |
| 开本: | 26cm | |
| 丛书名: | ||
| 单 册: | ||
| 中图分类: | Q93 | |
| 科图分类: | ||
| 主题词: | 微生物学--高等学校--教材 | |
| 电子资源: | ||
| ISBN: | 978-7-03-020284-0 | |
| 000 | 01067nam0 2200265 450 | |
| 001 | 003706904 | |
| 005 | 20151222171309.22 | |
| 010 | @a978-7-03-020284-0@dCNY39.00 | |
| 100 | @a20100515d2008 em y0chiy0110 ea | |
| 101 | 0 | @achi |
| 102 | @aCN@b110000 | |
| 105 | @aa a 000yy | |
| 200 | 1 | @a微生物学@Awei sheng wu xue@f韦革宏, 王卫卫主编@Fwei ge hong,wang wei wei zhu bian |
| 210 | @a北京@c科学出版社@d2008.01 | |
| 215 | @a447页@c图@d26cm | |
| 300 | @a普通高等教育“十一五”规划教材 | |
| 320 | @a有书目 (第446-447页) | |
| 330 | @a本书共13章,包括绪论,原核微生物,真核微生物,病毒和亚病毒,微生物的营养,微生物的生长与环境条件,微生物的代谢,微生物的遗传变异和育种,微生物的生态,微生物与物质循环,感染和免疫,微生物的进化、系统发育和分类鉴定,微生物与可持续发展等内容。 | |
| 333 | @a本书可供农林院校、综合性大学、师范院校的生物学专业与其他相关专业的本科生使用。 | |
| 606 | 0 | @a微生物学@x高等学校@j教材 |
| 690 | @aQ93@v4 | |
| 701 | 0 | @a韦革宏@Awei ge hong@4主编 |
| 701 | 0 | @a王卫卫@Awang wei wei@4主编 |
| 801 | 0 | @aCN@c20100515 |
| 905 | @dQ93@eW513@f5 | |
| 微生物学/韦革宏, 王卫卫主编.-北京:科学出版社,2008.01 |
| 447页:图;26cm |
| 普通高等教育“十一五”规划教材.-使用对象:本书可供农林院校、综合性大学、师范院校的生物学专业与其他相关专业的本科生使用。 |
| ISBN 978-7-03-020284-0:CNY39.00 |
| 本书共13章,包括绪论,原核微生物,真核微生物,病毒和亚病毒,微生物的营养,微生物的生长与环境条件,微生物的代谢,微生物的遗传变异和育种,微生物的生态,微生物与物质循环,感染和免疫,微生物的进化、系统发育和分类鉴定,微生物与可持续发展等内容。 |
| ● |
| 相关链接 |
|
|
|
正题名:微生物学
索取号:Q93/W513
 
预约/预借
| 序号 | 登录号 | 条形码 | 馆藏地/架位号 | 状态 | 备注 |
| 1 | 1235412 | 212354129 | 生命科学与工程学院资料室/ [索取号:Q93/W513] | 在馆 | |
| 2 | 999431 | 209994318 | 自科库401/401自科库 33排2列4层/ [索取号:Q93/W513] | 在馆 | |
| 3 | 999432 | 209994327 | 自科库401/401自科库 33排2列4层/ [索取号:Q93/W513] | 在馆 | |
| 4 | 999433 | 209994336 | 自科库401/401自科库 33排2列4层/ [索取号:Q93/W513] | 在馆 | |
| 5 | 999434 | 209994345 | 自科库401/401自科库 33排2列4层/ [索取号:Q93/W513] | 在馆 | |
| 6 | 999435 | 209994354 | 自科二线504/504自科库 44排4列2层/ [索取号:Q93/W513] | 在馆 |